|
|
|
|
| LEADER |
00000nab a2200000uu 4500 |
| 001 |
vtls011490680 |
| 003 |
SK-MaSNL |
| 005 |
20260304010521.0 |
| 008 |
230121|2010 xo |||||||||||||||||slo| |
| 015 |
|
|
|a SNBRB
|
| 035 |
|
|
|a (urnnbn)urn:nbn:sk:snk:ar-007kyc
|
| 035 |
|
|
|a (uuid)fc9fcdbe-c344-4850-b7a7-3c921584d5a4
|
| 035 |
|
|
|a urn:nbn:sk:snk-abdftu
|
| 040 |
|
|
|a SNKBUCL
|b slo
|c SNKBUCL
|e AACR2
|
| 041 |
0 |
|
|a slo
|
| 044 |
|
|
|a xo
|c SK
|
| 100 |
1 |
|
|a Vulev, Ivan
|4 aut
|9 17788
|
| 245 |
1 |
0 |
|a STENÓZA RENÁLNEJ ARTÉRIE TRANSPLANTOVANEJ OBLIČKY
|c Zuzana Žilinská, Martin Chrastina, Ján Breza, Peter Bujdák, Juraj Maďarič, Ivan Vulev
|
| 246 |
3 |
|
|a Transplant renal artery stenosis
|
| 700 |
1 |
|
|a Breza, Ján,
|d 1948-
|4 aut
|9 101413
|
| 700 |
1 |
|
|a Maďarič, Juraj,
|d 1973-
|4 aut
|9 207557
|
| 700 |
1 |
|
|a Chrastina, Martin
|4 aut
|9 1288474
|
| 700 |
1 |
|
|a Bujdák, Peter,
|d 1962-
|4 aut
|9 192596
|
| 700 |
1 |
|
|a Žilinská, Zuzana
|4 aut
|9 713608
|
| 773 |
0 |
|
|t Lekársky obzor : odborný časopis Slovenskej zdravotníckej univerzity v Bratislave
|g Roč. 59, č. 4 (2010), s. 134-139
|
| 954 |
|
|
|a odborná, vedecká literatúra pôvodná (slovenská)
|2 lita
|
| 958 |
|
|
|a OND
|
| 958 |
|
|
|a EUIPO
|
| 958 |
|
|
|a article18
|
| 999 |
|
|
|c 2561267
|d 2563197
|